[Event "38th Olympiad"]
[Site "Dresden GER"]
[Date "2008.11.14"]
[Round "2"]
[White "Kirby,P"]
[Black "Farazi,K"]
[Result "0-1"]
[WhiteElo "2049"]
[BlackElo "2207"]

1.e4 c5 2.Nf3 d6 3.Bb5+ Bd7 4.Bxd7+ Nxd7 5.c3 Ngf6 6.Qe2 Qc7 7.O-O e6 8.d4 Be7
9.Bf4 O-O 10.Re1 cxd4 11.cxd4 Rac8 12.Nc3 a6 13.Rac1 Qa5 14.Bd2 Qh5 15.e5 dxe5
16.dxe5 Ng4 17.h3 Nh6 18.Bxh6 Qxh6 19.Qe3 Qxe3 20.Rxe3 Rfd8 21.Rd3 Nc5 22.Rxd8+ Rxd8
23.Rd1 Rxd1+ 24.Nxd1 Nd3 25.g3 f6 26.exf6 Bxf6 27.Ne3 Nxb2 28.Kf1 Nd3 29.a3 Be7
30.Ke2 Nb2 31.Nc2 b5 32.Nb4 Nc4 33.Nxa6 Nxa3 34.Nc7 b4 35.Nd4 e5 36.Nb3 Kf7
37.Kd3 Bd6 38.Nd5 Ke6 39.Ne3 Nb5 40.Kc4 Nc3 41.f3 Ne2 42.Nc2 Nxg3 43.Nxb4 Bxb4
44.Kxb4 Ne2 45.Nd2 Kf5 46.Kc4 Kf4 47.Kd5 Ng1 48.h4 h5  0-1

[Event "38th Olympiad"]
[Site "Dresden GER"]
[Date "2008.11.14"]
[Round "2"]
[White "Hussein,HA"]
[Black "Kulaots,K"]
[Result "1/2-1/2"]
[WhiteElo "2354"]
[BlackElo "2556"]

1.e4 c5 2.Nf3 d6 3.Bb5+ Bd7 4.Bxd7+ Qxd7 5.O-O Nf6 6.Re1 Nc6 7.c3 e6 8.d4 cxd4
9.Nxd4 Be7 10.Bg5 O-O 11.Nd2 h6 12.Bh4 Ne5 13.N2f3 Ng6 14.Bg3 Rfd8 15.Qe2 Nh5
16.Rad1 Nxg3 17.hxg3 a6 18.c4 Qc7 19.b3 Ne5 20.Nxe5 dxe5 21.Nf3 Bc5 22.Rxd8+ Rxd8
23.Rd1 Qa5 24.Rxd8+ Qxd8 25.Nxe5 Bxf2+ 26.Qxf2 Qd1+ 27.Qf1 Qd4+ 28.Kh2 Qxe5
29.Qf4 Qh5+ 30.Qh4 Qe2 31.Qd8+ Kh7 32.Qd7 Qxe4 33.Qxf7 e5 34.Qf3 Qg6 35.Qxb7 Qh5+
36.Kg1 Qd1+ 37.Kh2 Qh5+ 38.Kg1 Qd1+ 39.Kh2  1/2-1/2

[Event "38th Olympiad"]
[Site "Dresden GER"]
[Date "2008.11.14"]
[Round "2"]
[White "Chan Wei Xuan,T"]
[Black "Dao Thien Hai"]
[Result "0-1"]
[WhiteElo "2264"]
[BlackElo "2510"]

1.e4 c5 2.Nf3 d6 3.Bb5+ Nc6 4.O-O Bd7 5.Re1 Nf6 6.h3 a6 7.Bf1 g6 8.c3 Bg7
9.d4 O-O 10.dxc5 dxc5 11.e5 Ne8 12.Bf4 Nc7 13.Nbd2 Be6 14.Qe2 h6 15.Ne4 b6
16.a4 Qc8 17.Bg3 Nd5 18.Nfd2 Na5 19.Rab1 Rd8 20.b4 cxb4 21.cxb4 Nc6 22.a5 Nd4
23.Qc4 Qxc4 24.Nxc4 b5 25.Ne3 Nxe3 26.Rxe3 Nf5 27.Ree1 Nxg3 28.Nxg3 Rac8
29.Ne4 Bf5 30.Rb3 Bxe4 31.Rxe4 Rc1 32.f4 Rdd1 33.Rf3 e6 34.g4 Bf8 35.f5 g5
36.Kg2 Rb1 37.Be2 Rg1+ 38.Kf2 Rgc1 39.Rd3 Rc8 40.Rdd4 Rb3 41.Bf3 Rcc3 42.Bg2 Rb2+
43.Re2 Rxb4 44.Rxb4 Bxb4 45.Rd2 Bxa5 46.Rd6 Rc2+ 47.Kf1 Bc7 48.Rxa6 exf5
49.gxf5 Bxe5 50.Rxh6 Bd4 51.Be4 Rf2+ 52.Ke1 Rf4 53.Bd3 b4 54.Bc2 f6 55.Bb3+ Kg7
56.Rg6+ Kh7 57.Bg8+ Kh8 58.Be6 Rh4 59.Rg8+ Kh7 60.Rb8 Rxh3 61.Kf1 Bc3 62.Kg2 Rd3
63.Rb7+ Kh6 64.Bc4 Rd4 65.Be2 g4 66.Kg3 Be1+ 67.Kg2 Kg5 68.Rb5 Bc3 69.Kg3 Re4
70.Bd1 Be5+ 71.Kg2 Rc4  0-1

[Event "38th Olympiad"]
[Site "Dresden GER"]
[Date "2008.11.15"]
[Round "3"]
[White "Al Zendani,Z"]
[Black "Ftacnik,L"]
[Result "0-1"]
[WhiteElo "2400"]
[BlackElo "2571"]

1.e4 c5 2.Nf3 d6 3.Bb5+ Nd7 4.O-O Nf6 5.Re1 a6 6.Bf1 b6 7.c4 Bb7 8.Nc3 e6
9.d4 cxd4 10.Qxd4 Be7 11.Bg5 O-O 12.Rad1 Qc7 13.Bh4 Rac8 14.Bg3 e5 15.Qe3 Nc5
16.Nd5 Bxd5 17.exd5 Ng4 18.Qe2 f5 19.Nd4 f4 20.Bh4 f3 21.Nxf3 Bxh4 22.Nxh4 Nxf2
23.Rd2 e4 24.Qe3 Ncd3 25.Ree2 Ng4 26.Qd4 Qf7 27.Rd1 Ngf2 28.Rb1 g5 29.Rxe4 Nxe4
30.Bxd3 Qf2+ 31.Qxf2 Nxf2 32.Bf5 Rxc4 33.Be6+ Kh8 34.Nf5 Nd3 35.Nxd6 Rc1+
36.Rxc1 Nxc1 37.h3 Ne2+ 38.Kh2 Nd4 39.Bg4 Kg7 40.Ne4 Kg6 41.a4 h5 42.Bd1 Rd8
43.Nc3 b5 44.axb5 axb5 45.b4 Re8 46.d6 Re6 47.d7 Rd6 48.Ne4 Rxd7 49.Bxh5+ Kh6
50.Nc5 Re7 51.Bg4 Nc6 52.Nd3 Kg6 53.Kg1 Kf6 54.Kf2 Nd4 55.Ne1 Rc7 56.Ke3 Rc4
57.Nd3 Nc2+ 58.Kd2 Nxb4 59.Be2 Nd5 60.Nf2 Rd4+ 61.Kc2 Ne3+ 62.Kc3 Rf4 63.Bf3 Rc4+
64.Kd3 Nc2 65.Ne4+ Kg6 66.Nd6 Ne1+ 67.Ke2 Nxf3 68.Nxc4 Ng1+ 69.Kd3 bxc4+
70.Kxc4 Kh5 71.Kd3 Kh4 72.Ke4 Nxh3  0-1

[Event "38th Olympiad w"]
[Site "Dresden GER"]
[Date "2008.11.15"]
[Round "3"]
[White "Gerasimova,S"]
[Black "Motoc,A"]
[Result "0-1"]
[WhiteElo "1905"]
[BlackElo "2313"]

1.e4 c5 2.Nf3 d6 3.Bb5+ Bd7 4.Bxd7+ Qxd7 5.O-O Nf6 6.e5 dxe5 7.Nxe5 Qc8 8.Na3 e6
9.d3 Nc6 10.Nac4 b5 11.Nxc6 Qxc6 12.Ne5 Qc7 13.Qf3 Rc8 14.Bf4 Bd6 15.Nxf7 Kxf7
16.Bxd6 Qxd6 17.Qb7+ Qd7 18.Qf3 Rhf8 19.Rfe1 Kg8 20.Re2 Nd5 21.Qg4 Rf6 22.Rae1 Rg6
23.Qe4 Rf8 24.g3 Nf4 25.Rd2 Nh3+ 26.Kg2 Ng5  0-1

[Event "38th Olympiad w"]
[Site "Dresden GER"]
[Date "2008.11.15"]
[Round "3"]
[White "Berzina,I"]
[Black "Greeff,M"]
[Result "0-1"]
[WhiteElo "2320"]
[BlackElo "1963"]

1.e4 c5 2.Nf3 d6 3.Bb5+ Bd7 4.Bxd7+ Qxd7 5.O-O Nc6 6.c3 Nf6 7.Qe2 e6 8.d4 cxd4
9.cxd4 d5 10.e5 Ne4 11.Be3 Be7 12.Ne1 f6 13.f3 Ng5 14.Nd3 O-O 15.Nd2 b6 16.Bf2 Nf7
17.f4 f5 18.Kh1 Rfc8 19.g4 fxg4 20.Qxg4 Nh6 21.Qh3 Nf5 22.Nf3 Rc7 23.Rg1 Rac8
24.a3 Na5 25.Rad1 Rc2 26.Nfe1 R2c4 27.Ng2 Nb3 28.Ne3 Nxe3 29.Bxe3 Nxd4 30.b3 Nxb3
31.Nf2 d4 32.Ne4 Qc6 33.Qg2 g6 34.Bf2 Nc5 35.Rge1 Nxe4 36.Rxe4 Bxa3 37.h4 Rc2
38.Rdxd4 Bc5 39.h5 Bxd4 40.Rxd4 Rxf2 41.Rc4  0-1

[Event "38th Olympiad w"]
[Site "Dresden GER"]
[Date "2008.11.16"]
[Round "4"]
[White "Zimina,O"]
[Black "Seps,M"]
[Result "1-0"]
[WhiteElo "2368"]
[BlackElo "2203"]

1.e4 c5 2.Nf3 d6 3.Bb5+ Nd7 4.d4 cxd4 5.Qxd4 a6 6.Bxd7+ Bxd7 7.O-O Rc8 8.Nc3 e5
9.Qd3 h6 10.a4 Nf6 11.b3 Qc7 12.Bb2 Be7 13.Nd2 Be6 14.Rfd1 O-O 15.Nf1 Qc5
16.Ne3 Ng4 17.Ncd5 Bxd5 18.Nxg4 Qxc2 19.Qxd5 Qxb2 20.Ne3 Rc7 21.Nf5 Rd8 22.g3 Bf8
23.Ne3 Rdc8 24.Rab1 Qa3 25.Qd2 b5 26.axb5 axb5 27.Qe2 Qa6 28.Ra1 Qb7 29.Qg4 Rc3
30.Nf5 Kh8 31.Nxd6 Bxd6 32.Rxd6 Ra8 33.Rad1 Rxb3 34.Rd8+ Rxd8 35.Rxd8+ Kh7
36.Qf5+ g6 37.Qxe5 f6 38.Qe8  1-0

[Event "38th Olympiad"]
[Site "Dresden GER"]
[Date "2008.11.16"]
[Round "4"]
[White "Guller,A"]
[Black "Raul,V"]
[Result "1/2-1/2"]
[WhiteElo "2117"]
[BlackElo "2099"]

1.e4 c5 2.Nf3 d6 3.Bb5+ Nd7 4.O-O Nf6 5.Re1 a6 6.Bf1 e6 7.c3 Be7 8.d4 O-O
9.e5 Nd5 10.exd6 Bxd6 11.Nbd2 cxd4 12.Ne4 Be7 13.Nxd4 N7f6 14.Ng3 Qc7 15.Bg5 h6
16.Bd2 Rd8 17.Qe2 Bf8 18.Qc4 Qxc4 19.Bxc4 b5 20.Bb3 Bb7 21.Rad1 Rac8 22.Bc1 b4
23.cxb4 Bxb4 24.Re2 Rxc1 25.Rxc1 Nf4 26.Rd1 Nxe2+ 27.Ndxe2 Rc8 28.Nf4 Kf8
29.h3 Ke7 30.Nd3 Bd6 31.Re1 g6 32.Ne5 Kf8 33.Nc4 Be7 34.Ne5 Rd8 35.Nf1 Ne4
36.Ne3 Bb4 37.Rc1 Bd6 38.Rd1 Ke7 39.N5c4 Bc7 40.Rxd8 Kxd8 41.Kf1 h5 42.Ke2 Ke7
43.f3 Nc5 44.Bc2 a5 45.b3 f5 46.g4 hxg4 47.hxg4 Kf6 48.gxf5 exf5 49.Bd1 Ne6
50.Kf2 Kg5 51.a3 Nf4 52.Nc2 Ne6 53.b4 axb4 54.axb4 Kf4 55.N2e3 Nd4 56.Ng2+ Kg5
57.Nge3 Kh4 58.Nc2 Nxc2 59.Bxc2 Bd5 60.Bd3  1/2-1/2

[Event "38th Olympiad"]
[Site "Dresden GER"]
[Date "2008.11.16"]
[Round "4"]
[White "Chavez,Ri"]
[Black "Zagorskis,D"]
[Result "0-1"]
[WhiteElo "2226"]
[BlackElo "2509"]

1.e4 c5 2.Nf3 d6 3.Bb5+ Nd7 4.d4 cxd4 5.Qxd4 e5 6.Qd3 h6 7.Nc3 Nf6 8.Nd2 a6
9.Bxd7+ Bxd7 10.Nc4 Be6 11.Be3 Rc8 12.Nb6 Rc6 13.Nbd5 Be7 14.O-O O-O 15.a4 Bxd5
16.Nxd5 Nxd5 17.exd5 Rc8 18.c4 Bg5 19.Rac1 Bxe3 20.Qxe3 Qc7 21.f4 exf4 22.Rxf4 Rfe8
23.Qf2 Re5 24.Rf1 f6 25.Qd4 Rce8 26.b3 a5 27.h3 b6 28.Rg4 Rg5 29.h4 Rxg4
30.Qxg4 Qd8 31.Rf3 Re1+ 32.Rf1 Re5 33.Rf3 h5 34.Qd4 Qc7 35.Qf4 Kf7 36.Kh2 Qc8
37.Qd4 Qc5 38.Qd3 g6 39.Rg3 f5 40.Qd2 Qc8 41.Qh6 Qg8 42.Qf4 Qd8 43.Rh3 Kg7
44.Qd4 Kh7 45.Qf2 Re4 46.Kg1 Qf6 47.Qxb6 Qa1+ 48.Kf2 Qe1+ 49.Kf3 Qe2+  0-1

[Event "38th Olympiad"]
[Site "Dresden GER"]
[Date "2008.11.16"]
[Round "4"]
[White "Sarakauskas,G"]
[Black "Martinez,Ne"]
[Result "1-0"]
[WhiteElo "2429"]
[BlackElo "2149"]

1.e4 c5 2.Nf3 d6 3.Bb5+ Nd7 4.d4 Nf6 5.O-O a6 6.Bxd7+ Nxd7 7.dxc5 Nxc5 8.Nc3 e6
9.Bg5 Qc7 10.Re1 Nd7 11.Nd4 h6 12.Nxe6 Qb8 13.Bh4 Ne5 14.Nxf8 Kxf8 15.Qd4 Be6
16.Rad1 b5 17.f4 Nc4 18.b3 Na3 19.Qxd6+ Qxd6 20.Rxd6 g5 21.fxg5 hxg5 22.Bxg5 Kg7
23.Nd5 Rh5 24.Bf6+ Kg8 25.Nf4 Rc5 26.c3 a5 27.Re3  1-0

[Event "38th Olympiad w"]
[Site "Dresden GER"]
[Date "2008.11.16"]
[Round "4"]
[White "Shyngys Kyzy,A"]
[Black "Schut,L"]
[Result "0-1"]
[WhiteElo "1707"]
[BlackElo "2153"]

1.e4 c5 2.Nf3 d6 3.Bb5+ Nd7 4.d4 cxd4 5.Bxd7+ Bxd7 6.Nxd4 Nf6 7.Nc3 g6 8.O-O Bg7
9.h3 O-O 10.Bg5 Rc8 11.Re1 h6 12.Bh4 Qb6 13.Nb3 Rxc3 14.bxc3 Be6 15.Nd4 Bc4
16.Qd2 Qa5 17.Rab1 Ba6 18.Rb4 Rc8 19.Kh1 Qh5 20.Nf3 Qc5 21.Rb3 Rc7 22.Qe3 Qa5
23.Qxa7 Rxc3 24.Rxc3 Qxc3 25.Qb8+ Kh7 26.Qd8 g5 27.Bg3 e6 28.Bxd6 Qxc2 29.e5 Ne4
30.Qc7 Nxf2+ 31.Kg1 Qxc7 32.Bxc7 Nd3 33.Re4 Nc5 34.Rd4 Kg6 35.Kf2 Nd3+ 36.Ke3 Nf4
37.Kf2 Nd3+ 38.Kg1 Nf4 39.Nd2 Ne2+  0-1

[Event "38th Olympiad w"]
[Site "Dresden GER"]
[Date "2008.11.16"]
[Round "4"]
[White "Dedijer,M"]
[Black "Igla,B"]
[Result "0-1"]
[WhiteElo "1999"]
[BlackElo "2254"]

1.e4 c5 2.Nf3 d6 3.Bb5+ Nc6 4.O-O Bd7 5.Re1 g6 6.d4 cxd4 7.Nxd4 Bg7 8.Be3 Nf6
9.f3 O-O 10.Na3 Qc7 11.c3 Rad8 12.Kh1 d5 13.exd5 Nxd5 14.Bg1 Nf4 15.Nxc6 Bh3
16.Nxe7+ Kh8 17.gxh3 Rxd1 18.Raxd1 a6 19.Rd7 Qa5 20.Bc4 Qh5 21.Rf1 Qxh3 22.Rd2 Nh5
23.Rg2 Rd8 24.Nd5 b5 25.Bb6 bxc4 26.Bxd8 Ng3+ 27.Kg1 Nxf1 28.Nf4 Qxf3 29.Rf2 Qd1
30.Rxf1 Qxd8 31.Nxc4 Bh6 32.Ng2 Qd5 33.b3 Kg7 34.Kf2 Qd3  0-1

[Event "38th Olympiad"]
[Site "Dresden GER"]
[Date "2008.11.17"]
[Round "5"]
[White "Al Modiahki,M"]
[Black "Harper,R"]
[Result "1-0"]
[WhiteElo "2559"]
[BlackElo "2233"]

1.e4 c5 2.Nf3 d6 3.Bb5+ Bd7 4.Bxd7+ Qxd7 5.c4 Nf6 6.Nc3 g6 7.d4 cxd4 8.Nxd4 Bg7
9.f3 O-O 10.Be3 Rc8 11.b3 e6 12.Rc1 d5 13.e5 Ne8 14.cxd5 Bxe5 15.dxe6 fxe6
16.O-O Na6 17.f4 Bg7 18.Ndb5 Qe7 19.Qe2 Nb4 20.a3 Nc6 21.Ne4 a6 22.Bc5 Nd4
23.Bxd4 axb5 24.Bxg7 Nxg7 25.Rxc8+ Rxc8 26.Qxb5 Qxa3 27.Qxb7 Rf8 28.g3 Qb2
29.Rd1 Qe2 30.Rf1 Rd8 31.Nf6+ Kh8 32.Qb6 Qd3 33.Ng4 Qd4+ 34.Qxd4 Rxd4 35.Rc1 Nf5
36.Rc7 Rd8 37.Nf6 Ng7 38.g4 h6 39.g5 hxg5 40.fxg5 e5 41.b4 e4 42.Kf2 e3+
43.Ke2 Ra8 44.b5 Ra2+ 45.Kf3 e2 46.Rc8+ Ne8 47.Rxe8+ Kg7 48.Re7+ Kf8 49.Rxe2 Ra3+
50.Re3 Ra2 51.h4 Rb2 52.b6 Kf7 53.Nd5 Rb5 54.Re7+ Kg8 55.b7  1-0

[Event "38th Olympiad w"]
[Site "Dresden GER"]
[Date "2008.11.17"]
[Round "5"]
[White "Ambrosi,E"]
[Black "Moylan,L"]
[Result "1-0"]
[WhiteElo "2128"]
[BlackElo "2114"]

1.e4 c5 2.Nf3 d6 3.Bb5+ Bd7 4.Bxd7+ Nxd7 5.O-O Ngf6 6.Nc3 g6 7.d3 Bg7 8.Ng5 h6
9.Nh3 a6 10.a4 Rb8 11.f4 b5 12.axb5 axb5 13.Qe2 b4 14.Nd1 Qc7 15.Ne3 Nb6
16.Bd2 O-O 17.c3 Nfd7 18.f5 g5 19.f6 Nxf6 20.Nf5 e6 21.Nxh6+ Bxh6 22.Rxf6 Bg7
23.Bxg5 Nd7 24.Rff1 bxc3 25.bxc3 Bxc3 26.Rac1 Bd4+ 27.Kh1 f5 28.exf5 exf5
29.Qe6+ Kh8 30.Nf4 Ne5 31.Bf6+ Kh7 32.Qxf5+ Kg8 33.Qg5+ Kh7 34.Qh5+ Kg8 35.Qh8+ Kf7
36.Qg7+  1-0

[Event "38th Olympiad"]
[Site "Dresden GER"]
[Date "2008.11.17"]
[Round "5"]
[White "Davletbakov,S"]
[Black "Raul,V"]
[Result "0-1"]
[WhiteElo "2145"]
[BlackElo "2099"]

1.e4 c5 2.Nf3 d6 3.Bb5+ Bd7 4.Bxd7+ Nxd7 5.O-O Ngf6 6.Re1 e6 7.c3 Be7 8.d4 cxd4
9.cxd4 d5 10.exd5 Nxd5 11.Nc3 N7b6 12.Ne4 O-O 13.b3 Rc8 14.Bd2 Nf6 15.Nc5 Bxc5
16.dxc5 Rxc5 17.Bb4 Rd5 18.Qe2 Re8 19.Ne5 Qb8 20.a4 Nbd7 21.Nc4 Nc5 22.Bxc5 Rxc5
23.h3 Rd8 24.Rac1 h6 25.Rc3 b5 26.axb5 Qxb5 27.Ra1 Rcd5 28.Rf3 Qd7 29.Qa2 Qc7
30.Ne3 R5d7 31.g3 Ne4 32.h4 Qb7 33.Nc4 Nc3  0-1

[Event "38th Olympiad"]
[Site "Dresden GER"]
[Date "2008.11.19"]
[Round "6"]
[White "Meier,Geo"]
[Black "Papaioannou,I"]
[Result "1/2-1/2"]
[WhiteElo "2558"]
[BlackElo "2597"]

1.e4 c5 2.Nf3 d6 3.Bb5+ Nc6 4.O-O Bd7 5.Re1 Nf6 6.c3 a6 7.Ba4 c4 8.Na3 b5
9.Bc2 g6 10.b3 cxb3 11.axb3 Bg7 12.d4 e5 13.Bd3 O-O 14.Nc2 exd4 15.cxd4 d5
16.e5 Ne4 17.Bxe4 dxe4 18.Bg5 f6 19.exf6 Bxf6 20.Bxf6 Qxf6 21.Rxe4 Bf5 22.Re2 Rfd8
23.Rd2 Bxc2 24.Qxc2 Nxd4 25.Nxd4 Rxd4 26.Rxd4 Qxd4 27.Rd1 Qf6 28.b4 Rf8 29.h3 Kh8
30.Qc5 Re8 31.Kh1 Kg8 32.Kg1 Kh8 33.Qc7 Qe7 34.Qc6 Rf8 35.Qc3+ Qg7 36.Rd4 Qe5
37.f4 Qf6 38.Qe3 Rf7 39.Re4 Kg7 40.Kh2 Kg8 41.Qc5 Kg7 42.Kg3 Qf5 43.Qe3 h5
44.Qd4+ Qf6 45.Qc5 Kh7 46.Qe5 Qc6 47.Qe6 Qxe6 48.Rxe6 Ra7 49.Kh4 a5 50.bxa5 Rxa5
51.Re7+ Kh6 52.g4 hxg4 53.hxg4 g5+ 54.fxg5+ Kg6 55.Re6+ Kg7 56.Kh5 Ra7 57.Rb6 b4
58.Rxb4 Rc7 59.Rb5 Ra7 60.g6 Rc7 61.Rf5 Rc1 62.Rf7+ Kg8 63.Ra7 Rb1 64.g7 Rb5+
65.g5 Rb1 66.Kh6 Rb6+ 67.g6 Rxg6+ 68.Kxg6  1/2-1/2

[Event "38th Olympiad"]
[Site "Dresden GER"]
[Date "2008.11.19"]
[Round "6"]
[White "Goutali,T"]
[Black "Erdogdu,M"]
[Result "0-1"]
[WhiteElo "2225"]
[BlackElo "2449"]

1.e4 c5 2.Nf3 d6 3.Bb5+ Nd7 4.d4 Nf6 5.O-O a6 6.Bxd7+ Nxd7 7.Nc3 cxd4 8.Qxd4 e6
9.Rd1 Qa5 10.Bf4 e5 11.Qc4 exf4 12.Nd5 Rb8 13.b4 Qa4 14.Nd4 Be7 15.a3 Bd8
16.Nf5 O-O 17.Nfe7+ Bxe7 18.Nxe7+ Kh8 19.Rxd6 Ne5 20.Qc7 Bg4 21.f3 Bd7 22.Rd5 Nc4
23.Rxd7 h6 24.Rd3 Qxc2 25.Rad1 Rbe8 26.Nf5 b5 27.Nd6 Re6 28.Nxc4 bxc4 29.R3d2 Qb3
30.Qc5 Ree8 31.Rc1 Rc8 32.Qd4 c3 33.Rdc2 Rfd8 34.Qe5 Rd1+ 35.Rxd1 Qxc2 36.Qd6 Qb3
37.Qd7 Qc4 38.Rc1 c2 39.Qd2 g5 40.h4 Kg7 41.Kh2 Rc7 42.Kg1 f6 43.h5 Kf7 44.Kh2 Ke7
45.Kg1 Qb3 46.Kh2 Rc6 47.Kg1 Qe3+ 48.Qxe3 fxe3 49.Kf1 Kd6 50.Ke2 Rc3 51.g3 Ke5
52.a4 Kd4 53.b5 axb5 54.axb5 Kc5  0-1

[Event "38th Olympiad"]
[Site "Dresden GER"]
[Date "2008.11.19"]
[Round "6"]
[White "Rozentalis,E"]
[Black "Damaso,R"]
[Result "1-0"]
[WhiteElo "2577"]
[BlackElo "2424"]

1.e4 c5 2.Nf3 d6 3.Bb5+ Nd7 4.d4 Nf6 5.Nc3 a6 6.Bxd7+ Nxd7 7.O-O e6 8.a4 b6
9.Bg5 Be7 10.Bxe7 Qxe7 11.dxc5 dxc5 12.Qd3 Bb7 13.Rfd1 Rd8 14.h3 Nf6 15.Qxd8+ Qxd8
16.Rxd8+ Kxd8 17.Ne5 Rf8 18.f3 Kc7 19.Rd1 Bc6 20.Kf2 b5 21.axb5 axb5 22.Ra1 b4
23.Nd1 Bb7 24.Ne3 Nd7 25.Nxd7 Kxd7 26.Nc4 f6 27.Ke3 Kc7 28.Ra5 Kc6 29.Ra7 Kc7
30.e5 Ra8 31.Rxa8 Bxa8 32.Nd6 Kd7 33.exf6 gxf6 34.Ne4 Bxe4 35.Kxe4 h6 36.g4 Ke7
37.f4 Kf7 38.f5 Ke7 39.fxe6 Kxe6 40.b3  1-0

[Event "38th Olympiad w"]
[Site "Dresden GER"]
[Date "2008.11.19"]
[Round "6"]
[White "Shyngys Kyzy,A"]
[Black "Moncayo Romero,E"]
[Result "0-1"]
[WhiteElo "1707"]
[BlackElo "2142"]

1.e4 c5 2.Nf3 d6 3.Bb5+ Bd7 4.Bxd7+ Nxd7 5.d4 cxd4 6.Nxd4 Ngf6 7.Nc3 g6 8.O-O Bg7
9.Bg5 O-O 10.Qd2 Re8 11.Rae1 Qa5 12.Bh6 Bh8 13.Nf5 Qb4 14.Qg5 Qxb2 15.Nd5 Nxd5
16.exd5 Bf6 17.Qg4 Ne5 18.Qg3 Qxc2 19.Ne3 Qxa2 20.Ra1 Nf3+ 21.Qxf3 Bxa1 22.h4 Bg7
23.Bxg7 Kxg7 24.Qf4 Qb2 25.Ng4 a5 26.h5 a4 27.Kh2 a3 28.hxg6 hxg6 29.Qh6+ Kg8
30.Qc1 Qxc1 31.Rxc1 Rec8  0-1

[Event "38th Olympiad w"]
[Site "Dresden GER"]
[Date "2008.11.19"]
[Round "6"]
[White "Lauterbach,I"]
[Black "Voiska,M"]
[Result "0-1"]
[WhiteElo "2178"]
[BlackElo "2318"]

1.e4 c5 2.Nf3 d6 3.Bb5+ Nd7 4.O-O a6 5.Bxd7+ Bxd7 6.d4 cxd4 7.Qxd4 e5 8.Qd3 Be7
9.b3 Nf6 10.c4 b5 11.Nc3 bxc4 12.bxc4 Rc8 13.Ba3 Qa5 14.Bxd6 Bxd6 15.Qxd6 Qxc3
16.Nxe5 Qa5 17.Nxd7 Nxd7 18.Rad1 Qc7 19.Qa3 Nc5 20.Rd5 O-O 21.e5 Ne6 22.Rc1 Nf4
23.Rd2 Qxe5 24.Kf1 Rfe8 25.Qxa6 Nd3 26.Qxc8 Nxc1  0-1

[Event "38th Olympiad w"]
[Site "Dresden GER"]
[Date "2008.11.19"]
[Round "6"]
[White "Ambrosi,E"]
[Black "Swathi,G"]
[Result "0-1"]
[WhiteElo "2128"]
[BlackElo "2320"]

1.e4 c5 2.Nf3 d6 3.Bb5+ Bd7 4.Bxd7+ Nxd7 5.d4 cxd4 6.Nxd4 Ngf6 7.Nc3 a6 8.O-O g6
9.f4 Bg7 10.Kh1 O-O 11.Nf3 Nc5 12.Qe1 Nfd7 13.f5 Rc8 14.Qh4 e6 15.Bg5 f6
16.Bh6 Qe7 17.Nd4 e5 18.Nde2 g5 19.Qh3 Bxh6 20.Qxh6 Nb6 21.b3 Qf7 22.Rad1 Rcd8
23.Nd5 Nxd5 24.exd5 b5 25.c4 bxc4 26.bxc4 Rb8 27.Rb1 Ne4 28.Rxb8 Rxb8 29.Ng3 Nd2
30.Re1 Qf8 31.Qh5 Nxc4 32.Qe2 Nb6 33.Qxa6 Nxd5 34.Qc4 Qf7 35.Ne4 Ne3 36.Qxf7+ Kxf7
37.Nxd6+ Ke7 38.h4 Nxg2 39.Kxg2 Kxd6 40.hxg5 fxg5 41.Rd1+ Ke7 42.Rh1 Kf6
43.Kf3 Rb7 44.Ke4 Rb4+ 45.Ke3 Kxf5 46.Rxh7 Ra4 47.Rf7+ Kg4 48.Rf2 Kh4 49.Rh2+ Kg3
50.Rh5 g4 51.Rxe5 Rxa2 52.Rg5 Kh3 53.Rh5+ Kg2 54.Rg5 g3 55.Kd4  0-1

[Event "38th Olympiad w"]
[Site "Dresden GER"]
[Date "2008.11.19"]
[Round "6"]
[White "Lin Yu Tong,E"]
[Black "Han Wong,Ir"]
[Result "0-1"]
[WhiteElo "1487"]
[BlackElo "2098"]

1.e4 c5 2.Nf3 d6 3.Bb5+ Bd7 4.Bxd7+ Qxd7 5.O-O Nf6 6.Re1 Nc6 7.d4 cxd4 8.Nxd4 g6
9.Bg5 Bg7 10.c3 O-O 11.Nd2 Rfe8 12.f4 Nh5 13.Nxc6 Qxc6 14.Qb3 h6 15.Bh4 Nxf4
16.Rf1 g5 17.Bf2 e6 18.Be3 Ng6 19.Kh1 Ne5 20.Qd1 d5 21.exd5 Qxd5 22.Qh5 Qd3
23.Rae1 Qg6 24.Qh3 Rad8 25.Nb3 Nd3 26.Re2 Rd5 27.Nc1 f5 28.Rd2 f4 29.Bg1 Nxc1
30.Rxd5 exd5 31.Rxc1 g4 32.Qh4 f3 33.Qg3 Be5 34.Qf2 Bf4 35.Rc2 Qd3 36.gxf3 gxf3
37.b3 Re7 38.Rb2 Re1 39.Re2 Qxe2 40.Qxe2 fxe2  0-1

[Event "38th Olympiad"]
[Site "Dresden GER"]
[Date "2008.11.19"]
[Round "6"]
[White "Raes,A"]
[Black "Ozanne,M2"]
[Result "1-0"]
[WhiteElo "2202"]
[BlackElo "2042"]

1.e4 c5 2.Nf3 d6 3.Bb5+ Bd7 4.Bxd7+ Qxd7 5.O-O Nf6 6.Re1 Nc6 7.c3 e6 8.d4 cxd4
9.cxd4 d5 10.e5 Ne4 11.Nbd2 Nxd2 12.Bxd2 Bb4 13.Rc1 O-O 14.Rxc6 bxc6 15.Bxb4 Rfb8
16.Ba3 f5 17.exf6 gxf6 18.Qd2 Re8 19.Qf4 Qf7 20.Re3 Qg6 21.h3 Kh8 22.Nh4 Qf7
23.Rf3 Kg7 24.Bd6 Rg8 25.Be5 Raf8 26.Qg5+ Kh8 27.Bxf6+  1-0

[Event "38th Olympiad w"]
[Site "Dresden GER"]
[Date "2008.11.20"]
[Round "7"]
[White "Klinova,M"]
[Black "Cramling,P"]
[Result "0-1"]
[WhiteElo "2327"]
[BlackElo "2550"]

1.e4 c5 2.Nf3 d6 3.Bb5+ Nd7 4.O-O a6 5.Bxd7+ Bxd7 6.d4 cxd4 7.Qxd4 Rc8 8.a4 e5
9.Qd3 Qc7 10.Nc3 Be6 11.Rd1 h6 12.Be3 Nf6 13.a5 Bc4 14.Qd2 Qc6 15.Bb6 Be7
16.Nd5 Nxe4 17.Nxe7 Nxd2 18.Nxe5 Qxb6 19.Nxc8 Qc7 20.Nxd6+ Qxd6 21.Nxc4 Nxc4  0-1

[Event "38th Olympiad"]
[Site "Dresden GER"]
[Date "2008.11.20"]
[Round "7"]
[White "Aderito,P"]
[Black "Canda,D"]
[Result "1-0"]
[WhiteElo "2349"]
[BlackElo "2289"]

1.e4 c5 2.Nf3 d6 3.Bb5+ Bd7 4.Bxd7+ Qxd7 5.O-O Nc6 6.c4 Nf6 7.Nc3 g6 8.d4 cxd4
9.Nxd4 Nxd4 10.Qxd4 Bg7 11.b3 O-O 12.Bb2 Ne8 13.Qd2 Nc7 14.Rad1 Rad8 15.Rfe1 Qg4
16.Nd5 Nxd5 17.Bxg7 Nf4 18.f3 Qxg2+ 19.Qxg2 Nxg2 20.Bxf8 Nxe1 21.Bxe7 Nxf3+
22.Kf2 Re8 23.Bxd6 Ng5 24.e5 Ne4+ 25.Kf3 Nxd6 26.exd6 f6 27.c5 Kf7 28.b4 Ke6
29.Re1+ Kd7 30.Rxe8 Kxe8 31.Ke4 f5+ 32.Ke5 Kd7 33.a4  1-0

[Event "38th Olympiad w"]
[Site "Dresden GER"]
[Date "2008.11.20"]
[Round "7"]
[White "Kristinardottir,E"]
[Black "Real Pereyra,D"]
[Result "0-1"]
[WhiteElo "1776"]
[BlackElo "1766"]

1.e4 c5 2.Nf3 d6 3.Bb5+ Bd7 4.Bxd7+ Qxd7 5.Nc3 Nc6 6.d3 g6 7.Bf4 Bg7 8.Qd2 e6
9.Nb5 e5 10.Be3 a6 11.Nc3 f5 12.Qc1 f4 13.Bd2 Qg4 14.O-O Nd4 15.Nxd4 cxd4
16.f3 Qd7 17.Nd5 Qd8 18.Qe1 b6 19.c3 dxc3 20.Bxc3 Ne7 21.Nxf4 Bh6 22.Ne2 O-O
23.d4 Nc6 24.dxe5 Nxe5 25.Bxe5 dxe5 26.Rd1 Qe7 27.Nc3 Rac8 28.Kh1 Rfd8 29.Qe2 b5
30.Rxd8+ Rxd8 31.Rd1 Rc8 32.Qd3 Bg5 33.g3 b4 34.Qxa6 Qf8 35.Rd3 bxc3 36.bxc3 Kh8
37.Kg2 Rb8 38.h4 Rb2+ 39.Kh3 Bxh4 40.Qe6 Bxg3 41.Qg4 Qh6+  0-1

[Event "38th Olympiad"]
[Site "Dresden GER"]
[Date "2008.11.20"]
[Round "7"]
[White "Haddouche,M"]
[Black "Amanov,M"]
[Result "0-1"]
[WhiteElo "2333"]
[BlackElo "2357"]

1.e4 c5 2.Nf3 d6 3.Bb5+ Nd7 4.d4 cxd4 5.Qxd4 Nf6 6.Nc3 a6 7.Bxd7+ Bxd7 8.O-O e6
9.Bg5 Be7 10.Rad1 Qc7 11.Rfe1 Rd8 12.Bxf6 Bxf6 13.Qxd6 Qxd6 14.Rxd6 Bxc3
15.bxc3 Ba4 16.Rb6 Rd7 17.Nd4 O-O 18.e5 Rc8 19.Re3 g5 20.Kf1 Rdc7 21.Ke2 Rxc3
22.Rxb7 R3c4 23.c3 Rxc3 24.Rb4 R3c4 25.Rxc4 Rxc4 26.Kd3 Bb5 27.a3 Kg7 28.Re4 Rc5+
29.Kd2 Kg6 30.h4 h6 31.hxg5 hxg5 32.g4 Bc4 33.Re3 Bd5 34.f3 Ra5 35.Nc2 Bb7
36.Nb4 Rc5 37.Nc2 Rc4 38.Ne1 Bd5 39.Rc3 Rd4+ 40.Rd3 Ra4 41.Rc3 Ra5 42.Ke3 Rb5
43.Nd3 Rb1 44.Nb4 Bb7 45.Nc2 a5 46.Kd2 Bd5 47.Nd4 a4 48.Re3 Kg7 49.Rc3 Ra1
50.Nb5 Rf1 51.Ke2 Rb1 52.Nc7 Bb7 53.Ne8+ Kg6 54.Nd6 Rb3 55.Re3 Bd5 56.Kf2 Rb2+
57.Re2 Rb1 58.Re3 Ra1 59.Rc3 Ra2+ 60.Ke3 Rb2 61.Ne4 Rb8 62.Nc5 Bb3 63.Nd7 Rb5
64.f4 Bd1 65.f5+ exf5 66.Rc6+ Kg7 67.gxf5 Rb3+ 68.Kd4 Bg4 69.f6+ Kg6 70.Nf8+ Kf5
71.Nd7 Bh5 72.e6 fxe6 73.Rc5+ Kf4 74.Ne5 Rxa3 75.Nd3+ Kg4 76.Nf2+ Kh4 77.Ne4 Rf3
78.Ra5 Bg6 79.Nxg5 Rxf6 80.Kc3 Rf5 81.Rxf5 exf5 82.Nf3+ Kh5 83.Nd4 f4 84.Kb4 Be8
85.Kc3 Kg4 86.Kd3 a3 87.Kc2 Bf7 88.Kc1 Bc4 89.Kc2 Kg3 90.Kc3 Kg2 91.Kc2 Kf2
92.Kc3 a2 93.Kb2 Ke3 94.Nf5+ Ke4 95.Nh4 Bd5 96.Ka1 Kd4 97.Kb2 Ke4 98.Ka1 Kd4
99.Kb2 Be4 100.Kxa2 Ke3 101.Kb3 Kf2 102.Kc4 Kg3 103.Kd4 Kxh4 104.Kxe4 Kg3
105.Kd4  0-1

[Event "38th Olympiad"]
[Site "Dresden GER"]
[Date "2008.11.20"]
[Round "7"]
[White "Chung,S"]
[Black "Li Ying,P"]
[Result "0-1"]
[WhiteElo "1828"]
[BlackElo "2153"]

1.e4 c5 2.Nf3 d6 3.Bb5+ Bd7 4.Bxd7+ Nxd7 5.d4 cxd4 6.Qxd4 Qb6 7.c4 Qxd4 8.Nxd4 Rc8
9.b3 Ngf6 10.Nc3 g6 11.f3 Bg7 12.Be3 a6 13.Rc1 O-O 14.O-O Ne5 15.Rfd1 Rfe8
16.Kf2 h5 17.h3 Kh7 18.g4 hxg4 19.hxg4 Nexg4+ 20.fxg4 Nxg4+ 21.Kf3 Nxe3 22.Rh1+ Bh6
23.Rxh6+ Kxh6 24.Kxe3 e6 25.Rf1 Kg7 26.Kd3 Rh8 27.Rf3 Rh2 28.Nc2 Rch8 29.Ne3 f5
30.exf5 gxf5 31.Ne2 R8h3 32.Rf1 Rh1 33.Rf2 Rd1+ 34.Kc2 Ra1 35.Kb2 Re1 36.Nc2 Reh1
37.Nf4 Rh6 38.Nxe6+ Rxe6 39.Nd4 Rf6 40.Rxf5 Kg6 41.Rxf6+ Kxf6 42.a4 Ke5 43.Nc2 Rh2
44.a5 Ke4 45.Kc3 Rh3+ 46.Kb2 Rh5 47.b4 Kd3 48.Kb3 Rh3 49.Na3 Kd4+ 50.Ka4 Rxa3+  0-1

[Event "38th Olympiad w"]
[Site "Dresden GER"]
[Date "2008.11.20"]
[Round "7"]
[White "Rojas,Mo"]
[Black "Bjerke,S"]
[Result "0-1"]
[WhiteElo "1689"]
[BlackElo "2204"]

1.e4 c5 2.Nf3 d6 3.Bb5+ Nd7 4.c4 Nf6 5.Nc3 e6 6.d4 cxd4 7.Nxd4 Be7 8.O-O O-O
9.Be3 Ne5 10.Qe2 Qc7 11.f4 Neg4 12.Bf2 Nxf2 13.Rxf2 Qc5 14.Nb3 Qh5 15.Qxh5 Nxh5
16.Kh1 g5 17.g3 a6 18.Ba4 f5 19.fxg5 Bxg5 20.exf5 b5 21.Re2 bxa4 22.Nxa4 Rxf5
23.Kg1 Rf3 24.Nb6 Rb8 25.Nxc8 Rxc8 26.Rxe6 Rxc4 27.Rxd6 Rc2  0-1